000 01492nam a2200337 a 4500
001 000042579
005 20260424113300.0
008 140128s2013 dr 001 0 spa d
020 _a9789945580150
040 _aDO-SdBNP
_bspa
_cBNPHU
082 _a346.043
_bS211f
100 1 _aSánchez Pimentel, Luis Porfirio
_969825
245 1 3 _aEl fiscal inmobiliario y las infracciones penales ante la jurisdicción inmobiliaria :
_ba la luz de la ley 108-05, modificada por la ley 51-07, los reglamentos, las leyes especiales, el derecho común y la constitución dominicana /
_cLuis P. Sánchez Pimentel.
260 _aSantiago de los Caballeros, República Dominicana :
_bUniversidad Abierta para Adultos,
_c2013.
300 _a288 p. ;
_c23 cm.
490 1 _aAutoaprendizaje
500 _aIncluye datos biográficos del autor en la solapa de la cubierta.
500 _aIncluye glosario.
504 _aBibliografía: p.217-222.
590 _aInventariado, 2018/LP
650 4 _aBienes raíces
_xLegislación
_914523
650 4 _aInfracciones
_969826
650 4 _aProcesos por infracciones
_969827
650 0 _aTribunales fiscales
_969828
650 0 _aProcedimiento penal
_9554
651 4 _aRepública Dominicana
_xLey 108-05
_930895
651 4 _aRepública Dominicana
_xLey 51-07
_969829
710 2 _aUniversidad Abierta para Adultos (Santiago de los Caballeros, Republica Dominicana)
_971401
830 0 _aAutoaprendizaje
_91208
910 _aValidado. Control de calidad EMS
999 _c42068
_d42068